000 01740nam a22001457a 4500
999 _c529860
_d529860
008 250509b ||||| |||| 00| 0 eng d
100 _aDooremalen, Thijs Van Sniečkutė, Marija Gaižauskaitė, Inga and Lachance, Anne
_952973
245 _aLinking crises: Connections between climate change and Covid-19 during American, Canadian, Dutch, and Lithuanian national elections (2020-2021)
260 _aInternational Sociology
300 _a42(1), Jan, 2025: p.58-81
520 _aCrisis responses are created in reference to the meanings of other crises. We develop the notion of ‘linking crises’ to capture this phenomenon and apply it to two contemporary global crises: climate change and COVID-19. Concretely, we study four crisis linkage dimensions in American, Canadian, Dutch, and Lithuanian party manifestos for national elections from the pandemic heydays (2020–2021): (1) how often links were drawn; (2) the issues they were related to; (3) the argumentative strategies for making connections; and (4) and the political level on which this occurred. We find many cross-national similarities. For instance, in every country links with economic and environmental issues were very present, an argumentative trope of ‘building back better’ was employed by various political parties, and the majority of the connections were made at supra-national levels. These findings bring up the question of when cross-national parity in crisis responses does (not) occur.- Reproduced https://journals.sagepub.com/doi/full/10.1177/02685809241268027
650 _aCrisis, Climate change, Covid, meaning-making, Discourse, Comparative politics, National elections.
_952974
773 _aInternational Sociology
942 _cAR